Лекции по дифференциальным уравнениям: учебное пособие

Podrobná bibliografie
Korporativní autor: Национальный исследовательский Томский политехнический университет (ТПУ)
Další autoři: Имас О. Н. Ольга Николаевна, Пахомова Е. Г. Елена Григорьевна, Рожкова С. В. Светлана Владимировна, Устинова И. Г. Ирина Георгиевна
Shrnutí:Пособие представляет собой конспект лекций по курсу «Дифференциальные уравнения» для студентов ИК ТПУ. Теоретический материал сопровождается подробно разобранными примерами. Кроме того, в пособии рассмотрены несколько вопросов, которые, как правило, не включаются в лекционные курсы и оставляются на самостоятельное изучение.Предназначено для студентов технических вузов.
Jazyk:ruština
Vydáno: Томск, Изд-во ТПУ, 2012
Témata:
Médium: MixedMaterials Kniha
KOHA link:https://koha.lib.tpu.ru/cgi-bin/koha/opac-detail.pl?biblionumber=229036

MARC

LEADER 00000nam0a2200000 4500
001 229036
005 20240206161418.0
035 |a (RuTPU)RU\TPU\book\249573 
090 |a 229036 
100 |a 20121225d2012 m y0rusy50 ca 
101 0 |a rus 
102 |a RU 
105 |a a j 001zy 
200 1 |a Лекции по дифференциальным уравнениям  |e учебное пособие  |f О. Н. Имас [и др.]  |g Национальный исследовательский Томский политехнический университет (ТПУ) 
210 |a Томск  |c Изд-во ТПУ  |d 2012 
215 |a 193 с.  |c ил. 
320 |a Библиогр.: с. 190. 
330 |a Пособие представляет собой конспект лекций по курсу «Дифференциальные уравнения» для студентов ИК ТПУ. Теоретический материал сопровождается подробно разобранными примерами. Кроме того, в пособии рассмотрены несколько вопросов, которые, как правило, не включаются в лекционные курсы и оставляются на самостоятельное изучение.Предназначено для студентов технических вузов. 
606 1 |a Дифференциальные уравнения  |2 stltpush  |3 (RuTPU)RU\TPU\subj\9693  |9 36875 
610 1 |a уравнения первого порядка 
610 1 |a уравнения высших порядков 
610 1 |a системы уравнений 
610 1 |a лекции 
610 1 |a учебные пособия 
610 1 |a труды учёных ТПУ 
675 |a 517.9(075.8)  |v 3 
701 1 |a Имас  |b О. Н.  |c математик  |c доцент Томского политехнического университета, кандидат физико-математических наук  |f 1967-  |g Ольга Николаевна  |3 (RuTPU)RU\TPU\pers\29543  |9 14079 
701 1 |a Пахомова  |b Е. Г.  |c российский математик  |c доцент Томского политехнического университета, кандидат физико-математических наук  |f 1969-  |g Елена Григорьевна  |3 (RuTPU)RU\TPU\pers\25969 
701 1 |a Рожкова  |b С. В.  |c математик  |c профессор Томского политехнического университета, доктор физико-математических наук  |f 1971-  |g Светлана Владимировна  |3 (RuTPU)RU\TPU\pers\25740  |9 11642 
701 1 |a Устинова  |b И. Г.  |c математик  |c доцент Томского политехнического университета, кандидат технических наук  |f 1960-  |g Ирина Георгиевна  |3 (RuTPU)RU\TPU\pers\29352  |9 13938 
712 0 2 |a Национальный исследовательский Томский политехнический университет (ТПУ)  |c (2009- )  |3 (RuTPU)RU\TPU\col\15902 
801 1 |a RU  |b 63413507  |c 20121225 
801 2 |a RU  |b 63413507  |c 20190610  |g RCR 
942 |c BK